[Event "41st IT Bosna 2011"]
[Site "Sarajevo"]
[Date "2011.05.11"]
[Round "8.31"]
[White "Konjicanin, Muris"]
[Black "Kozarcanin, Sead"]
[Result "0-1"]
[WhiteElo "2261"]
[BlackElo "2131"]
[PlyCount "144"]
[EventDate "2011.05.03"]

1. d4 d5 2. c4 c6 3. cxd5 cxd5 4. Nf3 Nf6 5. Nc3 Nc6 6. Bf4 a6 7. e3 e6 8. Be2
Bd6 9. Bxd6 Qxd6 10. O-O b5 11. Rc1 Bb7 12. Nb1 O-O 13. Nbd2 Na5 14. Nb3 Nxb3
15. Qxb3 Rfc8 16. Bd3 Nd7 17. Rc2 Rxc2 18. Qxc2 g6 19. Rc1 Rc8 20. Qd2 Rc6 21.
h4 h5 22. Rc2 Qc7 23. Rxc6 Qxc6 24. Qb4 Nf8 25. Qe7 Qd7 26. Qf6 Nh7 27. Qf4 Kg7
28. Ne5 Qe7 29. Kf1 Nf8 30. Ke2 Nh7 31. a3 Nf8 32. f3 f6 33. g4 fxe5 34. Qxe5+
Qf6 35. Qc7+ Qf7 36. Qe5+ Qf6 37. Qc7+ Qf7 38. Qe5+ Kg8 39. g5 Bc6 40. Qb8 Qb7
41. Qd8 Qd7 42. Qb8 Kf7 43. Kd2 Qe7 44. Kc3 Qb7 45. Qd8 Be8 46. Kb4 Qc6 47.
Qf6+ Kg8 48. Qf4 Qc1 49. Kb3 Qd2 50. Bb1 Qc1 51. Bd3 Qd2 52. Bb1 a5 53. Ka2 b4
54. Qb8 bxa3 55. Kxa3 Qxe3+ 56. Ka2 Bf7 57. Qa7 Qd2 58. Qb6 Qe1 59. f4 Qxh4 60.
Qxa5 Qf2 61. Qc3 h4 62. Ka3 Qg3 63. Bd3 h3 64. Bf1 Qxc3+ 65. bxc3 h2 66. Bg2
Nd7 67. Kb4 Nb6 68. Kc5 Nc4 69. Bh1 Kf8 70. Kc6 Be8+ 71. Kc5 Ba4 72. f5 gxf5
0-1

[Event "41st IT Bosna 2011"]
[Site "Sarajevo"]
[Date "2011.05.11"]
[Round "8.32"]
[White "Bucan, Eldin"]
[Black "Corovic, Sean"]
[Result "1-0"]
[WhiteElo "2177"]
[BlackElo "2116"]
[PlyCount "113"]
[EventDate "2011.05.03"]

1. e4 e5 2. d4 exd4 3. Nf3 Nc6 4. c3 d3 5. Bxd3 d6 6. Bc4 h6 7. Bf4 Be6 8. Bxe6
fxe6 9. Qb3 e5 10. Qxb7 Nge7 11. Bc1 Qc8 12. Qxc8+ Nxc8 13. Na3 Be7 14. Nc2 O-O
15. Ne3 Nb6 16. O-O Bf6 17. Rd1 Nd8 18. a4 Ne6 19. a5 Nd7 20. b4 a6 21. Nd5
Rab8 22. Ne1 Bd8 23. Nd3 Nf6 24. Nxf6+ Bxf6 25. Rb1 Rfd8 26. Ne1 c6 27. Be3 d5
28. Bb6 Rd7 29. Nc2 Bd8 30. Be3 Rbb7 31. exd5 cxd5 32. Rd3 e4 33. Rd2 Bf6 34.
Nd4 Bxd4 35. Bxd4 Nxd4 36. Rxd4 Rbc7 37. Rc1 Kf7 38. Kf1 Ke6 39. Ke2 Ke5 40.
Ke3 Rc6 41. c4 Rb7 42. Rxd5+ Ke6 43. Kxe4 Rxb4 44. Kd4 Rb2 45. Re1+ Kf6 46. c5
Rxf2 47. Rd6+ Rxd6+ 48. cxd6 Rxg2 49. Kc3 Rg5 50. Kc4 Rg2 51. Rd1 Rc2+ 52. Kb4
Rb2+ 53. Kc5 Rb8 54. d7 Ke7 55. Kc6 Ra8 56. Re1+ Kf7 57. Kb7 1-0

[Event "41st IT Bosna 2011"]
[Site "Sarajevo"]
[Date "2011.05.11"]
[Round "8.33"]
[White "Marjanovic, Dejan"]
[Black "Strinic, Halid"]
[Result "1-0"]
[WhiteElo "2149"]
[BlackElo "1903"]
[PlyCount "39"]
[EventDate "2011.05.03"]

1. e4 c5 2. Nf3 d6 3. d4 cxd4 4. Nxd4 Nf6 5. Nc3 a6 6. Rg1 Nc6 7. g4 Nxd4 8.
Qxd4 Nxg4 9. Nd5 Nf6 10. Bg5 Nxd5 11. exd5 Qa5+ 12. c3 Bf5 13. Be3 Rc8 14. Rg5
Bg6 15. Bh3 Ra8 16. Qc4 Kd8 17. Qg4 f5 18. Rxf5 Kc7 19. Rf4 b5 20. Qd7+ 1-0

[Event "41st IT Bosna 2011"]
[Site "Sarajevo"]
[Date "2011.05.11"]
[Round "8.34"]
[White "Alihodzic, Muzafer"]
[Black "Brkic, Mustafa"]
[Result "0-1"]
[WhiteElo "2109"]
[BlackElo "2143"]
[PlyCount "48"]
[EventDate "2011.05.03"]

1. e4 c5 2. g3 g6 3. Bg2 Bg7 4. d3 Nc6 5. Ne2 e6 6. Nbc3 Nge7 7. Bg5 h6 8. Be3
b6 9. O-O O-O 10. Qc1 Kh7 11. Nd1 d5 12. f4 Bb7 13. g4 f5 14. gxf5 gxf5 15. e5
d4 16. Bf2 Rg8 17. Ng3 Qd7 18. Qd2 Bh8 19. Qe2 Rg7 20. Nh5 Rxg2+ 21. Kxg2 Nxe5+
22. Kh3 Bf3 23. Qe1 Bg4+ 24. Kg2 Qd5+ 0-1

[Event "41st IT Bosna 2011"]
[Site "Sarajevo"]
[Date "2011.05.11"]
[Round "8.36"]
[White "Arat, Ufuk Sezen"]
[Black "Djukic, Sandra"]
[Result "0-1"]
[WhiteElo "2053"]
[BlackElo "2202"]
[PlyCount "96"]
[EventDate "2011.05.03"]

1. e4 c5 2. Nc3 Nc6 3. g3 g6 4. Bg2 Bg7 5. d3 d6 6. Be3 b6 7. Qd2 Bb7 8. Nge2
Qd7 9. O-O Nd4 10. Nc1 Nf6 11. h3 e5 12. Nd1 d5 13. c3 Ne6 14. exd5 Nxd5 15.
Bh6 O-O 16. Bxg7 Nxg7 17. d4 exd4 18. cxd4 c4 19. Ne2 Ne6 20. Ndc3 Nxc3 21.
bxc3 Bxg2 22. Kxg2 Qd5+ 23. Kh2 Ng5 24. Ng1 Rfe8 25. Rfe1 b5 26. Re3 Rxe3 27.
Qxe3 a5 28. a3 Ra6 29. Qe8+ Kg7 30. Qe5+ Qxe5 31. dxe5 Ne4 32. Ne2 Nxf2 33. Nd4
Rb6 34. Rb1 Nd3 35. Rxb5 Rxb5 36. Nxb5 Nxe5 37. Nd6 Kf6 38. Nb7 Ke6 39. Nxa5
Kd7 40. g4 Kc7 41. g5 Kb6 42. Nxc4+ Nxc4 43. a4 Ka5 44. Kg3 Kxa4 45. Kf4 Kb5
46. h4 Kc5 47. Ke4 Kd6 48. Kd4 Ne5 0-1

[Event "41st IT Bosna 2011"]
[Site "Sarajevo"]
[Date "2011.05.11"]
[Round "8.38"]
[White "Sadikovic, Samir"]
[Black "Orehek, Spela"]
[Result "0-1"]
[WhiteElo "2167"]
[BlackElo "2017"]
[PlyCount "82"]
[EventDate "2011.05.03"]

1. e4 c5 2. Nf3 Nc6 3. d4 cxd4 4. Nxd4 g6 5. Nxc6 bxc6 6. Qd4 Nf6 7. e5 Nd5 8.
e6 f6 9. c4 Nb4 10. Qc3 c5 11. a3 Nc6 12. Qf3 Rb8 13. Be2 Nd4 14. Qf4 d6 15.
Bd1 Bxe6 16. Nd2 Bg7 17. b4 O-O 18. Bb2 Bf7 19. Bc3 e5 20. Qe3 f5 21. Kf1 Be6
22. h4 f4 23. Qe1 Bf5 24. Bxd4 exd4 25. Bf3 d3 26. Rb1 Bc3 27. Qd1 cxb4 28.
axb4 Rxb4 29. Rc1 Qf6 30. h5 Re8 31. Bd5+ Kh8 32. hxg6 Bxg6 33. Bf3 Rb2 34. Ne4
Bxe4 35. Bxe4 Rxe4 36. Qxd3 Qe5 37. g4 Bd4 38. Rh2 f3 39. Qxf3 Rf4 40. Qa8+ Kg7
41. Rc2 Rb1+ 0-1

[Event "41st IT Bosna 2011"]
[Site "Sarajevo"]
[Date "2011.05.11"]
[Round "8.39"]
[White "Cerimovic, Aldin"]
[Black "Koksal, Ege"]
[Result "0-1"]
[WhiteElo "2092"]
[BlackElo "2004"]
[PlyCount "120"]
[EventDate "2011.05.03"]

1. a3 d5 2. f4 g6 3. Nf3 Bg7 4. c4 dxc4 5. Qa4+ Nc6 6. Qxc4 Be6 7. Qa4 Nf6 8.
d3 O-O 9. e4 Nd7 10. Ng5 Nc5 11. Nxe6 Nxa4 12. Nxd8 Rfxd8 13. Ra2 Nc5 14. b4
Nxd3+ 15. Bxd3 Rxd3 16. Rc2 Rad8 17. Rf1 Rd1+ 18. Ke2 Rxf1 19. Kxf1 Rd1+ 20.
Ke2 Rh1 21. Kd3 h5 22. Nd2 a6 23. Nf3 Rd1+ 24. Bd2 Ra1 25. Bc1 e5 26. g3 exf4
27. gxf4 Kf8 28. Nd2 Ke8 29. Nb3 Rb1 30. Nd2 Ra1 31. Nb3 Rb1 32. Nd2 Rxb4 33.
Ke3 Ra4 34. e5 g5 35. fxg5 Bxe5 36. Ne4 Bd4+ 37. Kf4 Bb6 38. Bb2 Kd7 39. Kf5
Ne7+ 40. Ke5 Ng6+ 41. Kf5 Nh4+ 42. Ke5 c6 43. Kf4 Bc7+ 44. Ke3 Ra5 45. Nf6+ Ke6
46. Ne4 Be5 47. Bc1 Nf5+ 48. Kf2 Kd5 49. Nd2 Rc5 50. Rxc5+ Kxc5 51. Ne4+ Kd4
52. Ng3 Nxg3 53. hxg3 Kd3 54. Kg2 b5 55. Kh3 c5 56. Kh4 b4 57. axb4 cxb4 58.
Kxh5 Kc2 59. Bf4 Bxf4 60. gxf4 b3 0-1

[Event "41st IT Bosna 2011"]
[Site "Sarajevo"]
[Date "2011.05.11"]
[Round "8.43"]
[White "Hajdarevic, Samir"]
[Black "Jacimovic, Sara"]
[Result "1-0"]
[WhiteElo "2143"]
[BlackElo "1959"]
[PlyCount "79"]
[EventDate "2011.05.03"]

1. d4 d5 2. Nf3 Nf6 3. e3 c6 4. Bd3 Bg4 5. h3 Bh5 6. Nbd2 Nbd7 7. O-O Qc7 8.
Re1 e6 9. c4 Be7 10. Qc2 Bg6 11. b3 Bxd3 12. Qxd3 h6 13. Bb2 g5 14. e4 Rg8 15.
cxd5 cxd5 16. e5 Nh5 17. Rec1 Qb6 18. g3 f5 19. exf6 Nhxf6 20. Ne5 Nxe5 21.
dxe5 Nd7 22. Bd4 Qa5 23. Rc2 Rg7 24. a3 Qd8 25. b4 a5 26. b5 Bf8 27. Rac1 Qe7
28. Nb1 b6 29. Rc7 Rb8 30. Ra7 g4 31. h4 Qd8 32. Qe3 Rg6 33. Qf4 Rc8 34. Rc6
Bc5 35. Bxc5 bxc5 36. h5 Rg7 37. Rxe6+ Re7 38. Rxh6 Rf7 39. Rh8+ Ke7 40. Qg5+
1-0

[Event "41st IT Bosna 2011"]
[Site "Sarajevo"]
[Date "2011.05.11"]
[Round "8.44"]
[White "Colpa, Husein"]
[Black "Uyanik, Mehmet"]
[Result "0-1"]
[WhiteElo "1990"]
[BlackElo "1668"]
[PlyCount "86"]
[EventDate "2011.05.03"]

1. d4 Nf6 2. c4 e6 3. Nc3 d5 4. Nf3 Nbd7 5. a3 Be7 6. Qc2 b6 7. b3 Bb7 8. Bb2
O-O 9. e3 c5 10. Rd1 cxd4 11. Nxd4 Rc8 12. Qd2 dxc4 13. bxc4 Ne5 14. Qc2 Qe8
15. Qb3 Ned7 16. f3 Rc5 17. Nb1 Qb8 18. Nd2 Rh5 19. f4 Nc5 20. Qc2 Ng4 21. Ke2
Rxh2 22. Rxh2 Nxh2 23. N4f3 Nxf3 24. gxf3 Rd8 25. Be5 Bd6 26. Ba1 Qc7 27. Bh3
Bc6 28. Rg1 g6 29. Qc3 e5 30. fxe5 Na4 31. Qd4 Bc5 32. Qf4 Bf8 33. Qg3 Bxa3 34.
f4 Bb4 35. Rd1 Nc3+ 36. Bxc3 Bxc3 37. e6 Ba4 38. exf7+ Qxf7 39. Ne4 Bxd1+ 40.
Kf2 Qxc4 41. Be6+ Qxe6 42. Nxc3 Qg4 43. Qxg4 Bxg4 0-1

[Event "41st IT Bosna 2011"]
[Site "Sarajevo"]
[Date "2011.05.11"]
[Round "8.45"]
[White "Hadzialic, Benjamin"]
[Black "Dedijer, Mira"]
[Result "0-1"]
[WhiteElo "1702"]
[BlackElo "1968"]
[PlyCount "80"]
[EventDate "2011.05.03"]

1. d4 d5 2. c4 c6 3. Nc3 Nf6 4. Nf3 e6 5. Bg5 Be7 6. e3 h6 7. Bh4 Nbd7 8. Be2
O-O 9. O-O Re8 10. Qc2 dxc4 11. Bxc4 b5 12. Be2 Bb7 13. a3 a5 14. Rfd1 Qb6 15.
b3 g5 16. Bg3 Nd5 17. Nxd5 cxd5 18. Qb2 b4 19. a4 Rec8 20. Rac1 Nf6 21. Nd2 Ba6
22. Bxa6 Qxa6 23. Rxc8+ Rxc8 24. Rc1 Rc6 25. Be5 Qc8 26. Rxc6 Qxc6 27. Bxf6
Bxf6 28. Nf3 Bg7 29. Ne1 Kf8 30. Qc2 Qxc2 31. Nxc2 Ke7 32. Kf1 e5 33. dxe5 Bxe5
34. h3 f5 35. Nd4 Bxd4 36. exd4 g4 37. h4 f4 38. g3 Kf6 39. Ke2 Kf5 40. Kd3 h5
0-1

[Event "41st IT Bosna 2011"]
[Site "Sarajevo"]
[Date "2011.05.11"]
[Round "8.47"]
[White "Cosovic, Aziz"]
[Black "Hamornik, Jozef"]
[Result "0-1"]
[WhiteElo "2059"]
[BlackElo "2063"]
[PlyCount "106"]
[EventDate "2011.05.03"]

1. e4 e5 2. Nf3 Nf6 3. d4 Nxe4 4. Bd3 Nc6 5. Bxe4 d5 6. Bd3 e4 7. Qe2 Be7 8.
Bb5 exf3 9. Bxc6+ bxc6 10. Qxf3 O-O 11. O-O Bd6 12. h3 Re8 13. Nc3 Rb8 14. b3
Qh4 15. Be3 h5 16. Rfe1 Re6 17. Bd2 Rf6 18. Re8+ Kh7 19. Qe3 Bf4 20. Qe1 Bd6
21. Ne2 Re6 22. Rxe6 Bxe6 23. c3 Qe4 24. Qb1 g6 25. Qxe4 dxe4 26. c4 c5 27. d5
Bd7 28. Bf4 a5 29. Bxd6 cxd6 30. Nc3 f5 31. Re1 a4 32. bxa4 Rb4 33. Rb1 Rxc4
34. Rb7 Rxc3 35. Rxd7+ Kh6 36. Rxd6 Ra3 37. Ra6 Rxa2 38. Kf1 Rd2 39. d6 c4 40.
Ke1 c3 41. Rc6 Rd5 42. Rxc3 Rxd6 43. Ra3 Kg5 44. a5 Ra6 45. Kd2 f4 46. Kc3 e3
47. fxe3 fxe3 48. Kb4 Re6 49. Ra1 e2 50. Re1 Kf4 51. a6 Ke3 52. Ra1 Rxa6 53.
Rxa6 e1=Q+ 0-1

[Event "41st IT Bosna 2011"]
[Site "Sarajevo"]
[Date "2011.05.12"]
[Round "9.1"]
[White "Predojevic, Borki"]
[Black "Melkumyan, Hrant"]
[Result "1/2-1/2"]
[WhiteElo "2617"]
[BlackElo "2580"]
[PlyCount "94"]
[EventDate "2011.05.03"]

1. c4 c5 2. Nc3 g6 3. g3 Bg7 4. Bg2 Nc6 5. Nf3 e6 6. h4 h6 7. d3 Nge7 8. Bd2 d6
9. a3 a5 10. Rb1 e5 11. Nh2 Be6 12. Nf1 O-O 13. Ne3 f5 14. Ned5 Rb8 15. O-O Kh7
16. b4 axb4 17. axb4 Nxb4 18. Nxb4 cxb4 19. Rxb4 f4 20. Ne4 Nf5 21. e3 fxg3 22.
fxg3 b5 23. cxb5 Qe7 24. Rb1 d5 25. Bb4 Qd8 26. Bxf8 Bxf8 27. Nf6+ Kh8 28. Ng4
Bc5 29. Kh2 Kg7 30. e4 Nxh4 31. exd5 Bf5 32. Nxe5 Nxg2 33. Rxf5 gxf5 34. Kxg2
Qxd5+ 35. Nf3 Ra8 36. Qe2 f4 37. Qe5+ Qxe5 38. Nxe5 fxg3 39. Kxg3 Bd6 40. d4
Kf6 41. Kf4 Ra4 42. Ke3 Bxe5 43. dxe5+ Kxe5 44. b6 Ra8 45. b7 Rb8 46. Rb6 Kd5
47. Rxh6 Rxb7 1/2-1/2

[Event "41st IT Bosna 2011"]
[Site "Sarajevo"]
[Date "2011.05.12"]
[Round "9.3"]
[White "Parligras, Mircea-Emilian"]
[Black "Szabo, Krisztian"]
[Result "1-0"]
[WhiteElo "2626"]
[BlackElo "2512"]
[PlyCount "49"]
[EventDate "2011.05.03"]

1. c4 e6 2. d4 d5 3. Nc3 c6 4. e4 dxe4 5. Nxe4 Bb4+ 6. Bd2 Qxd4 7. Bxb4 Qxe4+
8. Be2 Na6 9. Ba5 b6 10. Qd6 Bd7 11. Bc3 f6 12. Nf3 e5 13. O-O O-O-O 14. Rfe1
Qf5 15. c5 Kb7 16. Bxa6+ Kxa6 17. cxb6 axb6 18. Rad1 Nh6 19. Qc7 Nf7 20. a4 c5
21. a5 bxa5 22. Bxa5 Qe6 23. Ra1 Rc8 24. Bc3+ Kb5 25. Qb7+ 1-0

[Event "41st IT Bosna 2011"]
[Site "Sarajevo"]
[Date "2011.05.12"]
[Round "9.5"]
[White "Lafuente, Pablo"]
[Black "Lupulescu, Constantin"]
[Result "0-1"]
[WhiteElo "2555"]
[BlackElo "2638"]
[PlyCount "40"]
[EventDate "2011.05.03"]

1. d4 Nf6 2. Nf3 e6 3. Bg5 h6 4. Bxf6 Qxf6 5. e4 d6 6. Nc3 g6 7. Qd2 Bg7 8.
O-O-O Qe7 9. h4 a6 10. e5 Nd7 11. Qe3 b5 12. Bd3 Bb7 13. Kb1 dxe5 14. Nxe5 c5
15. Nxb5 O-O 16. Nxd7 Qxd7 17. Na3 Rab8 18. Qg3 Qxd4 19. c3 Qa4 20. Bc4 Bxg2
0-1

[Event "41st IT Bosna 2011"]
[Site "Sarajevo"]
[Date "2011.05.12"]
[Round "9.9"]
[White "Sebenik, Matej"]
[Black "Solak, Dragan"]
[Result "0-1"]
[WhiteElo "2524"]
[BlackElo "2588"]
[PlyCount "72"]
[EventDate "2011.05.03"]

1. d4 g6 2. c4 Bg7 3. g3 d6 4. Nf3 Nf6 5. Bg2 O-O 6. O-O Nbd7 7. Nc3 e5 8. e4
a6 9. Qc2 exd4 10. Nxd4 Rb8 11. Rd1 Re8 12. h3 Qe7 13. Rb1 c5 14. Nde2 b5 15.
cxb5 axb5 16. b4 Bb7 17. Bf4 Nxe4 18. Nxe4 Bxe4 19. Bxe4 Qxe4 20. Qxe4 Rxe4 21.
Rxd6 Ne5 22. Rbd1 Rxe2 23. Rd8+ Rxd8 24. Rxd8+ Bf8 25. Bh6 Nd7 26. Be3 cxb4 27.
Rxd7 Rxa2 28. Rd8 Kg7 29. Bd4+ f6 30. Rb8 Kf7 31. Rxb5 Ke6 32. Kg2 Bd6 33. Kf3
Ra8 34. Ke4 Rb8 35. Rxb8 Bxb8 36. Kd3 Be5 0-1

[Event "41st IT Bosna 2011"]
[Site "Sarajevo"]
[Date "2011.05.12"]
[Round "9.10"]
[White "Kurajica, Bojan"]
[Black "Popovic, Dusan"]
[Result "0-1"]
[WhiteElo "2531"]
[BlackElo "2553"]
[PlyCount "62"]
[EventDate "2011.05.03"]

1. d4 Nf6 2. Nf3 g6 3. c4 Bg7 4. Nc3 d6 5. e3 O-O 6. Be2 Nbd7 7. O-O e5 8. b3
Re8 9. Qc2 e4 10. Nd2 Qe7 11. Bb2 h5 12. h3 Nf8 13. d5 g5 14. Nb5 Bf5 15. Nd4
Bg6 16. Rac1 N8d7 17. b4 Ne5 18. Qb3 g4 19. Rfd1 gxh3 20. gxh3 Nh7 21. Bf1 Qh4
22. Ne2 Nd3 23. Bxg7 Qxf2+ 24. Kh1 Kxg7 25. Nf4 Nxf4 26. exf4 e3 27. Qc3+ Nf6
28. Bg2 exd2 29. Rxd2 Re1+ 30. Rxe1 Qxe1+ 31. Kh2 Re8 0-1

[Event "41st IT Bosna 2011"]
[Site "Sarajevo"]
[Date "2011.05.12"]
[Round "9.11"]
[White "Rapport, Richard"]
[Black "Trkulja, Goran"]
[Result "0-1"]
[WhiteElo "2552"]
[BlackElo "2379"]
[PlyCount "124"]
[EventDate "2011.05.03"]

1. e4 c5 2. Nc3 a6 3. g4 b5 4. Bg2 e5 5. d3 d6 6. h3 Nc6 7. f4 Be7 8. Nf3 Bh4+
9. Kf1 Nd4 10. Nxh4 Qxh4 11. Nd5 Qd8 12. c3 Nc6 13. a4 b4 14. fxe5 Nxe5 15.
cxb4 Ne7 16. bxc5 Nxd5 17. exd5 O-O 18. d4 Ng6 19. h4 Nxh4 20. Ra3 g5 21. Qd2
f6 22. Rg3 a5 23. c6 Ra7 24. Be4 Re7 25. Bd3 Rfe8 26. Rhh3 h5 27. gxh5 Bxh3+
28. Rxh3 Qc8 29. Rg3 Nf5 30. Rf3 Ne3+ 31. Rxe3 Rxe3 32. Qxe3 Rxe3 33. Bxe3 Qh3+
34. Ke2 Qg2+ 35. Ke1 Qxd5 36. Bb5 Qf7 37. Bd2 Qc7 38. d5 Kg7 39. Bc3 Kf7 40.
Bd3 Kg7 41. Bd4 Kh6 42. Bg6 f5 43. Bxf5 Kxh5 44. Bd7 Qb8 45. Bc3 Qb6 46. Ke2 g4
47. Bd2 g3 48. Be3 Qxb2+ 49. Kf3 Qc3 50. Bh3 Kh4 51. Bf1 Qc2 52. Ba6 Kh3 53.
Bc8+ Kh2 54. Bf4 Qg2+ 55. Kg4 Qh3+ 56. Kf3 Qxc8 57. Bxg3+ Kh3 58. Bxd6 Qf5+ 59.
Ke3 Qxd5 60. c7 Qc6 61. Be5 Kg4 62. Kd4 Kf5 0-1

[Event "41st IT Bosna 2011"]
[Site "Sarajevo"]
[Date "2011.05.12"]
[Round "9.12"]
[White "Erdos, Viktor"]
[Black "Nevednichy, Vladislav"]
[Result "1/2-1/2"]
[WhiteElo "2609"]
[BlackElo "2542"]
[PlyCount "136"]
[EventDate "2011.05.03"]

1. d4 g6 2. c4 Bg7 3. e4 d6 4. Nc3 e5 5. Nf3 Nd7 6. Be2 Ngf6 7. O-O O-O 8. Qc2
Nh5 9. Bg5 Bf6 10. Be3 Nf4 11. Rfd1 Nxe2+ 12. Qxe2 c6 13. Rd2 Qe7 14. c5 exd4
15. cxd6 Qxd6 16. Bxd4 Bxd4 17. Nxd4 Re8 18. Nf5 Qc5 19. Nd6 Re7 20. Kh1 Ne5
21. h3 Be6 22. f4 Nc4 23. Nxc4 Bxc4 24. Qf3 f6 25. Rad1 Rae8 26. e5 f5 27. Rd6
Be6 28. Qg3 Kg7 29. R1d4 Qb6 30. Qh4 Rf7 31. b4 a5 32. a3 axb4 33. axb4 Qa6 34.
Kh2 Qa3 35. Qe1 h6 36. Nd1 Kh7 37. Ne3 Rg7 38. Qd2 c5 39. Nc2 Qa7 40. Rd3 cxb4
41. Qxb4 Qf2 42. Rd2 Qh4 43. g3 Qe7 44. Nd4 Bg8 45. Qb6 Bc4 46. h4 Ra8 47. h5
Bf7 48. hxg6+ Bxg6 49. Ne6 Ra6 50. Qxa6 bxa6 51. Nxg7 Qxg7 52. Rd7 Bf7 53. e6
Qc3 54. exf7 Kg7 55. Re2 Qf3 56. Rc2 Qa8 57. Re7 Qf3 58. Rd7 Qa8 59. Rcc7 Kg6
60. Rd6+ Kh5 61. Rf6 Qe4 62. g4+ Kxg4 63. Rg6+ Kxf4 64. f8=Q Qe2+ 65. Kh3 Qf1+
66. Kh2 Qf2+ 67. Rg2 Qh4+ 68. Kg1 Qe1+ 1/2-1/2

[Event "41st IT Bosna 2011"]
[Site "Sarajevo"]
[Date "2011.05.12"]
[Round "9.13"]
[White "Grandelius, Nils"]
[Black "Perunovic, Milos"]
[Result "1-0"]
[WhiteElo "2541"]
[BlackElo "2578"]
[PlyCount "55"]
[EventDate "2011.05.03"]

1. c4 Nf6 2. Nf3 c6 3. g3 d5 4. Bg2 dxc4 5. O-O Nbd7 6. Qc2 Nb6 7. Na3 Be6 8.
Ng5 Bg4 9. Nxc4 Bxe2 10. Ne5 Bh5 11. Re1 e6 12. Bf3 Bg6 13. Bxc6+ bxc6 14.
Qxc6+ Nfd7 15. Nexf7 Bxf7 16. Nxf7 Qf6 17. Nxh8 e5 18. Qe4 g6 19. d4 Qxh8 20.
dxe5 Be7 21. Bh6 Rc8 22. e6 Nc5 23. Qe2 Bf6 24. Rad1 Ke7 25. b4 Nca4 26. Rd7+
Nxd7 27. exd7+ Kxd7 28. Qe6+ 1-0

[Event "41st IT Bosna 2011"]
[Site "Sarajevo"]
[Date "2011.05.12"]
[Round "9.14"]
[White "Prohaszka, Peter"]
[Black "Kanmazalp, Ogulcan"]
[Result "1/2-1/2"]
[WhiteElo "2547"]
[BlackElo "2404"]
[PlyCount "61"]
[EventDate "2011.05.03"]

1. d4 Nf6 2. c4 g6 3. Nc3 Bg7 4. e4 d6 5. Bd3 O-O 6. Nge2 Nc6 7. O-O e5 8. d5
Nd4 9. Bc2 Nxc2 10. Qxc2 c5 11. dxc6 bxc6 12. Rd1 Qc7 13. Bg5 Be6 14. c5 dxc5
15. Na4 Nd7 16. Be7 Rfe8 17. Bxc5 f5 18. b3 f4 19. f3 g5 20. Bd6 Qb7 21. Rac1
Rac8 22. Nc5 Nxc5 23. Qxc5 Bf7 24. Rd3 h5 25. Rcd1 g4 26. Qf2 Be6 27. Qh4 Qf7
28. Qf2 Bf6 29. Kh1 Kh8 30. g3 gxf3 31. Ng1 1/2-1/2

[Event "41st IT Bosna 2011"]
[Site "Sarajevo"]
[Date "2011.05.12"]
[Round "9.15"]
[White "Milanovic, Danilo"]
[Black "Ivanisevic, Ivan"]
[Result "1/2-1/2"]
[WhiteElo "2494"]
[BlackElo "2648"]
[PlyCount "149"]
[EventDate "2011.05.03"]

1. d4 Nf6 2. c4 e6 3. Nc3 Bb4 4. e3 c5 5. Bd3 Nc6 6. Nge2 O-O 7. O-O d6 8. Bc2
Bd7 9. a3 Ba5 10. b3 a6 11. Bb2 Rb8 12. d5 Ne5 13. f4 Neg4 14. Qd3 b5 15. Rab1
b4 16. Ne4 Nxe4 17. Qxe4 f5 18. Qd3 bxa3 19. Bxa3 e5 20. fxe5 Nxe5 21. Qd1 Ng4
22. Bc1 Qe7 23. Rf3 Bb4 24. Ng3 Qh4 25. Nf1 a5 26. Bb2 Rbe8 27. Qe2 g6 28. h3
Ne5 29. Rf4 Qh6 30. Ng3 Qg5 31. Qf2 h5 32. Rf1 Rf7 33. e4 h4 34. Nxf5 gxf5 35.
Bxe5 dxe5 36. Rg4 fxg4 37. Qxf7+ Kh8 38. Qxd7 Rg8 39. Qf5 gxh3 40. Qxh3 Bc3 41.
Rf5 Bd4+ 42. Kh2 Qg3+ 43. Qxg3 hxg3+ 44. Kh3 Rg6 45. Rf7 Be3 46. Bd1 Bf4 47.
Bh5 Rg7 48. Rf6 Rh7 49. Kg4 Rg7+ 50. Bg6 Rb7 51. d6 Bh6 52. Kf5 Kg8 53. Ke6
Rxb3 54. Bh5 Bf8 55. Kd7 Rd3 56. Kc7 a4 57. d7 Be7 58. Ra6 a3 59. Be2 Rd2 60.
Rxa3 Rxe2 61. Rxg3+ Kf7 62. Rh3 Kg6 63. d8=Q Bxd8+ 64. Kxd8 Rxe4 65. Rc3 Re2
66. Kc7 Kf5 67. Kc6 Rxg2 68. Kxc5 e4 69. Kb5 Rb2+ 70. Kc6 Kf4 71. c5 e3 72.
Rxe3 Kxe3 73. Kd6 Rd2+ 74. Ke6 Rc2 75. Ke5 1/2-1/2

[Event "41st IT Bosna 2011"]
[Site "Sarajevo"]
[Date "2011.05.12"]
[Round "9.16"]
[White "Kovacevic, Aleksandar"]
[Black "Bejtovic, Jasmin"]
[Result "1-0"]
[WhiteElo "2575"]
[BlackElo "2413"]
[PlyCount "79"]
[EventDate "2011.05.03"]

1. e4 c5 2. Nf3 Nc6 3. d4 cxd4 4. Nxd4 g6 5. c4 Nf6 6. Nc3 d6 7. Be2 Bg7 8. Be3
O-O 9. O-O Nxd4 10. Bxd4 Bd7 11. Qd2 Bc6 12. f3 a5 13. b3 Nd7 14. Be3 Nc5 15.
Rab1 e6 16. Rfc1 b6 17. Bf1 Qb8 18. Kh1 Rd8 19. Rd1 Rd7 20. Qe1 Be5 21. a3 Qf8
22. Ne2 Qg7 23. Bd4 d5 24. b4 axb4 25. axb4 dxe4 26. Bxe5 Rxd1 27. Rxd1 Qxe5
28. f4 Qc7 29. bxc5 bxc5 30. Qc3 Ba4 31. Ra1 Bc6 32. Qe5 Qb6 33. Rxa8+ Bxa8 34.
Kg1 Qa5 35. Ng3 f5 36. Qxe6+ Kg7 37. Qe5+ Kg8 38. Ne2 Qa3 39. Qe6+ Kg7 40. Qe5+
1-0

[Event "41st IT Bosna 2011"]
[Site "Sarajevo"]
[Date "2011.05.12"]
[Round "9.17"]
[White "Kislik, Erik Andrew"]
[Black "Abergel, Thal"]
[Result "0-1"]
[WhiteElo "2347"]
[BlackElo "2506"]
[PlyCount "144"]
[EventDate "2011.05.03"]

1. e4 e5 2. Nf3 d6 3. d4 exd4 4. Nxd4 Nf6 5. Nc3 Be7 6. Bf4 O-O 7. Bc4 c6 8.
O-O b5 9. Bd3 a6 10. Re1 c5 11. Nf5 Bxf5 12. exf5 d5 13. Be2 Nc6 14. Bf3 Nd4
15. Be5 Nxf3+ 16. Qxf3 d4 17. Ne4 Nxe4 18. Rxe4 Ra7 19. Rae1 f6 20. Bf4 c4 21.
Bd2 Bc5 22. Qh5 Re7 23. Rxe7 Bxe7 24. Re4 Bc5 25. h3 d3 26. Rh4 h6 27. c3 Qe8
28. Qf3 Rf7 29. b3 Rc7 30. Re4 Re7 31. Rxe7 Qxe7 32. g4 Qe5 33. bxc4 bxc4 34.
Kg2 Kh7 35. Kf1 Be7 36. Kg2 Bd6 37. Kf1 Qh2 38. Qg2 Qe5 39. Qf3 a5 40. Kg2 a4
41. Kf1 Bc7 42. h4 Qh2 43. g5 fxg5 44. f6 Qe5 45. hxg5 Bd6 46. fxg7 hxg5 47.
Qh5+ Kxg7 48. Bxg5 Qe6 49. Be3 Be5 50. Qg5+ Kf7 51. Qh5+ Ke7 52. Qh7+ Kd6 53.
Bd2 Qg4 54. Qh6+ Kd5 55. Qh1+ Qe4 56. Qh5 Kd6 57. Qh6+ Kc7 58. Qh5 Kb7 59. Qf7+
Ka6 60. Qh5 Bc7 61. Qh6+ Kb7 62. Qh5 Bb6 63. Qf7+ Ka6 64. Qh5 Qe7 65. Qf3 Qe5
66. Kg2 Kb5 67. Qg4 Qd5+ 68. Qf3 Kc6 69. Qxd5+ Kxd5 70. Kg3 Ke4 71. Be1 Bc7+
72. Kg2 Bf4 0-1

[Event "41st IT Bosna 2011"]
[Site "Sarajevo"]
[Date "2011.05.12"]
[Round "9.18"]
[White "Fauland, Alexander"]
[Black "Sutkovic, Damir"]
[Result "1-0"]
[WhiteElo "2478"]
[BlackElo "2320"]
[PlyCount "87"]
[EventDate "2011.05.03"]

1. c4 d6 2. g3 g6 3. Bg2 Bg7 4. Nc3 Nf6 5. e4 O-O 6. Nge2 c5 7. O-O Nc6 8. a3
Bd7 9. Rb1 a5 10. d3 Rb8 11. h3 Ne8 12. Be3 Nc7 13. a4 Ne6 14. Nb5 Qb6 15. Kh2
Ned4 16. Nec3 Nb4 17. Nxd4 cxd4 18. Bd2 e6 19. Be1 Nxd3 20. Qxd3 dxc3 21. b3
Qb4 22. f4 Bc6 23. Rf3 f5 24. Re3 fxe4 25. Bxe4 d5 26. cxd5 exd5 27. Bxd5+ Bxd5
28. Qxd5+ Kh8 29. Rc1 Rbd8 30. Qe6 Rd6 31. Qc4 Rc6 32. Qd5 h6 33. h4 Rfc8 34.
Qf7 Rf8 35. Re8 Rf6 36. Rxf8+ Qxf8 37. Qxf8+ Rxf8 38. Bxc3 Bxc3 39. Rxc3 g5 40.
hxg5 hxg5 41. fxg5 Rf5 42. Rc8+ Kg7 43. Rc7+ Kg6 44. Rxb7 1-0

[Event "41st IT Bosna 2011"]
[Site "Sarajevo"]
[Date "2011.05.12"]
[Round "9.19"]
[White "Rasidovic, Sead"]
[Black "Bogut, Zeljko"]
[Result "0-1"]
[WhiteElo "2380"]
[BlackElo "2433"]
[PlyCount "54"]
[EventDate "2011.05.03"]

1. e4 c5 2. Nf3 e6 3. d4 cxd4 4. Nxd4 a6 5. Bd3 Qc7 6. O-O Nf6 7. c4 d6 8. Nc3
Be7 9. Be3 b6 10. Rc1 Bb7 11. f4 Nbd7 12. Kh1 Rc8 13. b3 Nc5 14. Qc2 Qb8 15.
Rce1 b5 16. cxb5 Ncxe4 17. Nxe4 Rxc2 18. Nxf6+ Bxf6 19. Bxc2 axb5 20. f5 Bxd4
21. Bxd4 e5 22. Bb2 O-O 23. Be4 Bxe4 24. Rxe4 Qa8 25. Re2 Qxa2 26. f6 Qxb3 27.
fxg7 Ra8 0-1